| 000 | 01177nam a2200301 i 4500 | ||
|---|---|---|---|
| 001 | 16400 | ||
| 003 | DO-SdUEMH | ||
| 005 | 20260212205752.0 | ||
| 007 | ta | ||
| 008 | 211105s2014||||dr a|||gr|||| 0|| | spa d | ||
| 020 | _a9789945468595 | ||
| 040 |
_aDO-SdUEMH _bspa _erda |
||
| 041 | _aspa | ||
| 082 | 1 | 4 |
_aRD378.021 M665I 2014 _mRD |
| 084 | _b08-01574 | ||
| 110 | _aRepública Dominicana: Ministerio de Educación Superior, Ciencia y Tecnología | ||
| 245 | 0 | _aInforme General Sobre Estadísticas de Educación Superior 2015 y Resumen Histórico 2005-2019 | |
| 260 | _c2014 | ||
| 264 | 1 |
_aSanto Domingo, República Dominicana : _bAlfa y Omega, _c2014 |
|
| 264 | 4 | _c©2014 | |
| 300 |
_axviii, 330 páginas : _bilustraciones ; _c27 cm. |
||
| 336 |
_2rdacontent _atexto _btxt |
||
| 337 |
_2rdamedia _asin mediación _bn |
||
| 338 |
_2rdacarrier _avolumen _bnc |
||
| 505 | 2 | _aresumen histórico de la estadística de educación superior dominicana 2005-2014 -- estadística de educación superior Dominicana, 2013 y 2014 -- información relacionada con el ministerio de Educación superior, ciencia y tecnología (MESCYT), 2013-2014. | |
| 942 |
_2ddc _cBK _n0 |
||
| 999 |
_c16400 _d16400 |
||